BSOP header

Cracking the communication code : (Record no. 36322)

MARC details
000 -LEADER
fixed length control field 01225nam a22002057a 4500
008 - FIXED-LENGTH DATA ELEMENTS--GENERAL INFORMATION
fixed length control field 130322b ph a||||| |||| 00| 0 eng d
020 ## - INTERNATIONAL STANDARD BOOK NUMBER
International Standard Book Number 9781591455059
020 ## - INTERNATIONAL STANDARD BOOK NUMBER
International Standard Book Number 1591455057
100 ## - MAIN ENTRY--PERSONAL NAME
Personal name Eggerichs, Emerson
245 ## - TITLE STATEMENT
Title Cracking the communication code :
Remainder of title the secret to speaking your mate's language : love for her, respect for him /
Statement of responsibility, etc Emerson Eggerichs.
246 ## - VARYING FORM OF TITLE
Title proper/short title Secret to speaking your mate's language : love for her, respect for him
260 ## - PUBLICATION, DISTRIBUTION, ETC. (IMPRINT)
Place of publication, distribution, etc Nashville, TN :
Name of publisher, distributor, etc Integrity Publishers ;
Place of publication, distribution, etc Colorado Springs, Col. :
Name of publisher, distributor, etc Focus on the Family,
Date of publication, distribution, etc 2007.
300 ## - PHYSICAL DESCRIPTION
Extent xii, 355 p. :
Other physical details ill. ;
Dimensions 24 cm.
504 ## - BIBLIOGRAPHY, ETC. NOTE
Bibliography, etc Includes bibliographical references (p. 320-326).
505 ## - FORMATTED CONTENTS NOTE
Formatted contents note A book within a book -- Three vital truths for better communication -- The crazy cycle : a relentless enemy of marital communication -- The energizing cycle : to better communicate, meet your spouse's need -- The rewarded cycle : the unconditional dimension of communication.
520 ## - SUMMARY, ETC.
Summary, etc "Shows couples how to speak to each other and give mutual understanding to build a successful marriage"--Provided by publisher.
650 ## - SUBJECT ADDED ENTRY--TOPICAL TERM
Topical term or geographic name as entry element Communication in marriage.
650 ## - SUBJECT ADDED ENTRY--TOPICAL TERM
Topical term or geographic name as entry element Marriage
General subdivision Religious aspects
-- Christianity.
942 ## - ADDED ENTRY ELEMENTS (KOHA)
Source of classification or shelving scheme Library of Congress Classification
Item type Books
Holdings
Withdrawn status Lost status Source of classification or shelving scheme Damaged status Not for loan Home library Current library Shelving location Source of acquisition Cost, normal purchase price Accession number Total Checkouts Full call number Barcode Date last seen Price effective from Koha item type
    Library of Congress Classification     BSOP Library BSOP Library General Circulation Logos Hope 500.00 35119   BV835 Eg3 2007 00042194 03/22/2013 03/22/2013 Books
BSOP

Biblical Seminary of the Philippines
  All rights Reserved
  © 2024

CONTACT INFORMATION

Biblical Seminary of the Philippines,
  77-B Karuhatan Road, Valenzuela City,
  PHILIPPINES 1441
  Phone: +632 8292-6795 / 8292-6798
  Fax : +632 8292-6675
  Email: library@bsop.edu.ph